Marketing - informatika - manažment
Predpoklady a ciele fungovania trhového mechanizmu. Marketing a jeho obsah z pohľadu informatiky. Využívanie automatizovanej podpory prostriedkov výpočtovej techniky pri marketingovom prístupe jestvovania firmy na trhu. Nevyhnutnosť marketingového prístupu pri budovaní informačného systému marketing...
Enregistré dans:
| Auteur principal: | |
|---|---|
| Format: | Chapitre de livre |
| Langue: | slovaque |
| Sujets: | |
| Tags: |
Pas de tags, Soyez le premier à ajouter un tag!
|
MARC
| LEADER | 00000naa a2200000 4500 | ||
|---|---|---|---|
| 001 | r013881 | ||
| 005 | 20221213122904.2 | ||
| 041 | 0 | |a slo | |
| 044 | |a SK | ||
| 245 | 1 | 0 | |a Marketing - informatika - manažment |c R. Hôlz |
| 520 | |a Predpoklady a ciele fungovania trhového mechanizmu. Marketing a jeho obsah z pohľadu informatiky. Využívanie automatizovanej podpory prostriedkov výpočtovej techniky pri marketingovom prístupe jestvovania firmy na trhu. Nevyhnutnosť marketingového prístupu pri budovaní informačného systému marketingových činností. | ||
| 610 | 2 | 0 | |a marketing |
| 610 | 2 | 0 | |a informatika |
| 610 | 2 | 0 | |a manažment |
| 610 | 2 | 0 | |a mechanizmus trhový |
| 610 | 2 | 0 | |a trh |
| 610 | 2 | 0 | |a systémy informačné |
| 610 | 2 | 0 | |a AIS |
| 100 | 1 | |a Hôlz, R. | |